| 000 | 00821pam a2200277 a 4500 | ||
|---|---|---|---|
| 001 | 4715229 | ||
| 003 | NUST - PNEC | ||
| 005 | 20170116181139.0 | ||
| 008 | 830916s1984 nyua 001 0 eng | ||
| 010 | _a 83019902 | ||
| 020 | _a0070354251 | ||
| 040 | _cLIBRARY | ||
| 050 | 0 | 0 |
_aTJ1185 _b.K668 1984 |
| 082 | 0 | 0 |
_a621.902 KRA _219 |
| 100 | 1 | _aKrar, Stephen F. | |
| 245 | 1 | 0 |
_aTechnology of machine tools / _cS.F. Krar, J.W. Oswald, J.E. St. Amand. |
| 250 | _a3rd ed. | ||
| 260 |
_aNew York : _bGregg Division, McGraw-Hill, _cc1984. |
||
| 300 |
_aviii, 664 p. : _bill. (some col.) ; _c29 cm. |
||
| 500 | _aIncludes index. | ||
| 650 | 0 |
_aMachine-tools. _xME, IME |
|
| 700 | 1 | _aOswald, James William. | |
| 700 | 2 | _aSt. Amand, J. E. | |
| 906 |
_a7 _bcbc _corignew _d1 _eocip _f19 _gy-gencatlg |
||
| 942 |
_2ddc _cBK |
||
| 999 |
_c70421 _d70421 |
||